LEADER 02522nam 2200637 a 450 001 9910459878903321 005 20200520144314.0 010 $a92-2-121800-7 035 $a(CKB)2670000000068917 035 $a(EBL)615915 035 $a(OCoLC)701703915 035 $a(SSID)ssj0000939174 035 $a(PQKBManifestationID)11577173 035 $a(PQKBTitleCode)TC0000939174 035 $a(PQKBWorkID)10937386 035 $a(PQKB)10950067 035 $a(MiAaPQ)EBC615915 035 $a(Au-PeEL)EBL615915 035 $a(CaPaEBR)ebr10512019 035 $a(EXLCZ)992670000000068917 100 $a20111212d2009 uy 0 101 0 $aeng 135 $aur|n|---||||| 181 $ctxt 182 $cc 183 $acr 200 00$a2008 labour overview$b[electronic resource] $eLatin America and the Caribbean 205 $a1st ed. 210 $aGeneva $cInternational Labour Office, Regional Office for Latin America and the Caribbean$d2009 215 $a1 online resource (129 p.) 225 0 $aLabour overview : Latin America and the Caribbean,$x1020-3923 300 $aDescription based upon print version of record. 311 $a92-2-121799-X 327 $aForeword; Acknowledgments; Contents; LIST OF BOX ARTICLES; AFTER SEVERAL YEARS OF FAVOURABLE TRENDS, THE REGIONAL LABOUR MARKET WILL BE AFFECTED BY THE GLOBAL ECONOMIC CRISIS IN 2009; SMALL BUSINESSES AND GLOBALIZATION: THE CHALLENGE OF DECENT WORK IN LATIN AMERICA; EXPLANATORY NOTE; STATISTICAL ANNEX 330 $aThis edition provides evidence of the effects of an unprecedented international crisis that has cast a shadow over the global economy and is reflected in the employment situation in the region. Employment will be a challenge in 2009. As ILO Director-General, Juan Somavia stated, ""The ILO's message is realistic, not alarmist"" with respect to this situation. 606 $aLabor$zLatin America 606 $aLabor$zLatin America$vStatistics 606 $aLabor$zCaribbean Area 606 $aLabor$zCaribbean Area$vStatistics 606 $aWorking class$zLatin America 606 $aWorking class$zCaribbean Area 608 $aElectronic books. 615 0$aLabor 615 0$aLabor 615 0$aLabor 615 0$aLabor 615 0$aWorking class 615 0$aWorking class 676 $a331/.098/05 801 0$bMiAaPQ 801 1$bMiAaPQ 801 2$bMiAaPQ 906 $aBOOK 912 $a9910459878903321 996 $a2008 labour overview$92121685 997 $aUNINA LEADER 02645 am 2200517 n 450 001 9910342956503321 005 20190902 010 $a2-85653-849-5 024 7 $a10.4000/books.mnhn.1905 035 $a(CKB)4100000009609467 035 $a(FrMaCLE)OB-mnhn-1905 035 $a(oapen)https://directory.doabooks.org/handle/20.500.12854/42385 035 $a(PPN)240758544 035 $a(EXLCZ)994100000009609467 100 $a20191024j|||||||| ||| 0 101 0 $afre 135 $auu||||||m|||| 181 $ctxt$2rdacontent 182 $cc$2rdamedia 183 $acr$2rdacarrier 200 14$aLes botanistes et la flore de France $eTrois siècles de découvertes /$fBenoît Dayrat 210 $aParis $cPublications scientifiques du Muséum$d2019 215 $a1 online resource (690 p.) 311 $a2-85653-548-8 330 $aIls étaient médecins, pharmaciens, curés, agriculteurs, militaires, employés, instituteurs ou professeurs. Ils ont parcouru les routes et les sentiers, les prés, les bois et les marais de leur canton. Ils ont observé, décrit, nommé, classé les plantes à fleurs qu?ils collectaient. Ils ont échangé des correspondances, constitué des herbiers, publié de brèves notices dans des bulletins scientifiques ou entrepris des flores régionales ou nationales. C?est à eux que l?on doit la connaissance des espèces végétales poussant sur le sol de la France. Ce faisant, ils ont réalisé un inventaire sans lequel les travaux sur la biodiversité, son histoire et sa distribution géographique, comme les mesures en faveur de sa protection, ne seraient pas possibles. Devenus célèbres ou demeurés presque obscurs, ces botanistes revivent ici par le texte et l?illustration, dans autant de biographies qui retracent leurs itinéraires personnels et les resituent dans leur temps et dans l?évolution de la systématique végétale du xviiie siècle à nos jours. 517 $abotanistes et la flore de France 606 $aBotanists$zFrance$vBiography 606 $aPlant collectors$zFrance$vBiography 606 $aBotany$zFrance$xHistory 610 $abotanique 610 $avégétation 610 $aépistémologie 610 $aflore 610 $aespèce 615 0$aBotanists 615 0$aPlant collectors 615 0$aBotany$xHistory. 676 $a580/.92/244 676 $aB 700 $aDayrat$b Benoît$01238225 712 02$aMuse?um national d'histoire naturelle (France) 801 0$bFR-FrMaCLE 906 $aBOOK 912 $a9910342956503321 996 $aLes botanistes et la flore de France$92873777 997 $aUNINA LEADER 01565nam 2200385 a 450 001 9910701510603321 005 20120330134934.0 035 $a(CKB)5470000002419986 035 $a(OCoLC)782061557 035 $a(EXLCZ)995470000002419986 100 $a20120330d2012 ua 0 101 0 $aeng 135 $aurbn||||||||| 181 $ctxt$2rdacontent 182 $cc$2rdamedia 183 $acr$2rdacarrier 200 10$aCultural property$b[electronic resource] $eAgreement between the United States of America and Nicaragua Amending and Extending the Agreement of June 16, 1999, Effected by Exchange of Notes at Managua, October 4 and 13, 2010 210 1$a[Washington, D.C.] :$cU.S. Dept. of State,$d[2012?] 215 $a1 online resource (11 unnumbered pages) 225 1 $aTreaties and other international acts series ;$v10-1020 300 $aTitle from title screen (viewed on Mar. 30, 2012). 517 $aCultural property 606 $aCultural property$xProtection$xLaw and legislation$zUnited States 606 $aCultural property$xProtection$xLaw and legislation$zNicaragua 606 $aHistoric preservation$xInternational cooperation 615 0$aCultural property$xProtection$xLaw and legislation 615 0$aCultural property$xProtection$xLaw and legislation 615 0$aHistoric preservation$xInternational cooperation. 712 02$aUnited States.$bDepartment of State. 801 0$bGPO 801 1$bGPO 906 $aBOOK 912 $a9910701510603321 996 $aCultural property$93439492 997 $aUNINA